Govt. of
Madhya Pradesh

A L A Cataloging Rules for Author and Title Entries (Record no. 36589)

MARC details
000 -LEADER
fixed length control field 004680000a22001690004500
003 - CONTROL NUMBER IDENTIFIER
control field MACL
005 - DATE AND TIME OF LATEST TRANSACTION
control field 20151227131728.0
008 - FIXED-LENGTH DATA ELEMENTS--GENERAL INFORMATION
fixed length control field 151227b xxu||||| |||| 00| 0 eng d
040 ## - CATALOGING SOURCE
Original cataloging agency MACL
Transcribing agency macl
041 ## - LANGUAGE CODE
Language code of text/sound track or separate title English
082 ## - DEWEY DECIMAL CLASSIFICATION NUMBER
Classification number 025.43/BEE
100 ## - MAIN ENTRY--PERSONAL NAME
Personal name Beetle, Clara
9 (RLIN) 23181
245 ## - TITLE STATEMENT
Title A L A Cataloging Rules for Author and Title Entries
260 ## - PUBLICATION, DISTRIBUTION, ETC. (IMPRINT)
Name of publisher, distributor, etc. American Library Association
Date of publication, distribution, etc. 1949
Place of publication, distribution, etc. Chiago
650 ## - SUBJECT ADDED ENTRY--TOPICAL TERM
Topical term or geographic name as entry element Library Science
9 (RLIN) 57
942 ## - ADDED ENTRY ELEMENTS (KOHA)
Koha item type Books
Call number prefix 025.43/BEE
Source of classification or shelving scheme
Holdings
Withdrawn status Lost status Source of classification or shelving scheme Damaged status Not for loan Home library Current library Date acquired Total Checkouts Full call number Barcode Date last seen Uniform Resource Identifier Price effective from Koha item type
          MACL MACL 15/04/2015   025.43/BEE CLE009381 29/04/2015 36800 15/04/2015 Books